| 000 | 00743nam a2200217 a 4500 | ||
|---|---|---|---|
| 005 | 20230627063533.0 | ||
| 008 | 020920s1994 mx r 000 0 spa d | ||
| 020 | _a9586710599 | ||
| 035 | _aUPN01000119421 | ||
| 049 | _aCG | ||
| 050 | 4 |
_aPN171 C5 _bW4.7 |
|
| 100 | 1 | _aWeinschelbaum, Lila L. | |
| 245 | 1 | 0 |
_aTalleres infantiles de creación literaria / _cLila L. Weinschelbaum. |
| 260 |
_aSanta Fé de Bogotá : _bCERLALC ; _aBuenos Aires : _bAique, _c1994. |
||
| 300 |
_a190 p. : _bil. |
||
| 440 | 0 |
_aCoedición latinoamericana de libros para la promoción de la lectura ; _v8 |
|
| 650 | 4 |
_aNIÑOS COMO AUTORES _910037 |
|
| 650 | 4 |
_aLITERATURA INFANTIL - _xESTUDIO Y ENSEÑANZA _99176 |
|
| 650 | 4 |
_aTalleres escolares _94870 |
|
| 905 | _aLibro | ||
| 999 |
_c91775 _d91775 |
||